LEADER 01386nam0 22003011i 450 001 SUN0018235 005 20050301120000.0 010 $a88-263-1138-2 100 $a20040621d1996 |0itac50 ba 101 $aita 102 $aIT 105 $a|||| ||||| 200 1 $aManuale di ricerca per le scienze sociali$fRaymond Quivy, Luc Van Campenhoudt 210 $aRoma$cBorla$d1996 215 $a272 p.$d21 cm. - 410 1$1001SUN0018144$12001 $aMetodologia delle scienze del comportamento$1210 $aRoma$cBorla. 620 $dRoma$3SUNL000360 700 1$aQuivy$b, Raymond$3SUNV014263$0469332 701 1$aCampenhoudt$b, Luc van$3SUNV014264$0680735 712 $aBorla$3SUNV000056$4650 801 $aIT$bSOL$c20181109$gRICA 912 $aSUN0018235 950 $aUFFICIO DI BIBLIOTECA DEL DIPARTIMENTO DI PSICOLOGIA$d16 CONS 869 $e16 LET6573 950 $aUFFICIO DI BIBLIOTECA DEL DIPARTIMENTO DI PSICOLOGIA$d16 CONS 2291 $e16 VS 6573 995 $aUFFICIO DI BIBLIOTECA DEL DIPARTIMENTO DI PSICOLOGIA$bIT-CE0119$gLET$h6573$kCONS 869$oc$qa 995 $aUFFICIO DI BIBLIOTECA DEL DIPARTIMENTO DI PSICOLOGIA$bIT-CE0119$gVS$h6573$kCONS 2291$oc$qa 996 $aManuale di ricerca per le scienze sociali$91255847 997 $aUNICAMPANIA LEADER 01136nam0-2200373 --450 001 9910473354103321 005 20210604111632.0 010 $a978-88-916-2185-6 100 $a20210604d2017---- kmuy0itay5050 ba 101 $aita 102 $aIT 105 $a 001yy 200 1 $aBig data analytics$eil manuale del data scientist$fAlessandro Rezzani 210 $aSantarcangelo di Romagna (RN)$cMaggioli$d2017 215 $axix, 391 p.$d24 cm 225 1 $aApogeo education 610 0 $aBig data 676 $a005.74$v21 700 1$aRezzani,$bAlessandro$0435875 801 0$aIT$bUNINA$gREICAT$2UNIMARC 901 $aBK 912 $a9910473354103321 952 $a13 30 05$b3521 / 2021$fFINBC 952 $a13 H 64 36$b3522 / 2021$fFINBC 952 $a13 H 64 37$b3523 / 2021$fFINBC 952 $a13 H 64 38$b3524 / 2021$fFINBC 952 $a23 14 B 46$b3525 / 2021$fFINAG 952 $a23 14 B 47$b3526 / 2021$fFINAG 952 $a23 14 B 48$b3527 / 2021$fFINAG 952 $a23 14 B 49$b3528 / 2021$fFINAG 959 $aFINBC 959 $aFINAG 996 $aBig data analytics$91524163 997 $aUNINA